| 000 | 00531nam a2200169 i 4500 | ||
|---|---|---|---|
| 001 | 22930 | ||
| 003 | ES-MaACL | ||
| 005 | 20230906152800.0 | ||
| 007 | t| | ||
| 008 | 021205s1958 sp ||||1| spa d | ||
| 100 | 1 |
_aAlvarez-Sierra, José. _9180820 |
|
| 245 | 1 | 3 |
_aLa despoblación del agro y la medicina social _b: (folleto para médicos) / _cJosé Alvarez-Sierra. |
| 260 |
_aMadrid : _b[s.n.], _c1958 ( _fGráf. González) |
||
| 300 |
_a82 p., 4 lám. ; _c19 cm. |
||
| 852 |
_aES-MaACL _j2008-F-7 _bR.42605 |
||
| 999 |
_c22930 _d22930 |
||